000 00516nam a2200217Ia 4500
005 20251020182511.0
008 200515s9999 xx 000 0 und d
082 _a651.740.1/V24/1
100 _aValle Degregori, Alfredo
245 0 _aBorrones 1
250 _a3a ed.
260 _aLima
260 _bVALLE DEGREGORI EDITORES S.R.L. ; Editorial Salesiana
260 _c1991
300 _a98 p.
300 _bil.
500 _a1 ejemplar. Tomo 1
650 _aORTOGRAFIA
942 _cLIB
999 _c1444
_d1444